header

Practice-based education (Record no. 11986)

MARC details
000 -LEADER
fixed length control field 01193nam a2200301Ia 4500
245 00 - TITLE STATEMENT
Title Practice-based education
260 ## - PUBLICATION, DISTRIBUTION, ETC. (IMPRINT)
Place of publication Rotterdam ;
-- Boston :
Name of publisher SensePublishers,
Year of publication c2012.
300 ## - PHYSICAL DESCRIPTION
Number of Pages ix, 255 p.
490 1# - SERIES STATEMENT
Series statement Practice, education, work and society ;
650 #0 - SUBJECT ADDED ENTRY--TOPICAL TERM
Topical Term Professional education.
Topical Term Education, Higher.
700 1# - ADDED ENTRY--PERSONAL NAME
Personal name Higgs, Joy.
856 40 - ELECTRONIC LOCATION AND ACCESS
Uniform Resource Identifier http://site.ebrary.com/lib/rucke/Doc?id=10687667

No items available.

© 2026 Rongo University
Contact us: librarian | system librarian | Rongo university